000 00610cam a2200253 4500
001 B550
008 090401t1986 xxu||||| |||| 00| 0 eng d
035 _a(Sirsi) u36464
041 _aeng
050 _a333.33
110 _aJones Lang Wootton
_92909
245 _aUK property 1986
260 _aLondon
_bJones Lang Wootton
_c1986
300 _a52p. : ill. ; 30cm.
350 _a0
650 _aPROPERTY-COMMERCIAL PROPERTY
650 _aFARM LAND
650 _aFINANCE
650 _aINVESTMENT
650 _aProperty management
_96262
650 _aPROPERTY
942 _n0
948 _c04/03/1997
999 _c90290
_d90290